I am a Muslim : (Record no. 126697)
[ view plain ]
| 000 -LEADER | |
|---|---|
| fixed length control field | 01123cam a2200325 a 4500 |
| 001 - CONTROL NUMBER | |
| control field | 499729 |
| 003 - CONTROL NUMBER IDENTIFIER | |
| control field | ARRUPE |
| 005 - DATE AND TIME OF LATEST TRANSACTION | |
| control field | 20170821085226.0 |
| 008 - FIXED-LENGTH DATA ELEMENTS--GENERAL INFORMATION | |
| fixed length control field | 850415s1985 enka j 001 0 eng |
| 010 ## - LIBRARY OF CONGRESS CONTROL NUMBER | |
| LC control number | 85050168 |
| 020 ## - INTERNATIONAL STANDARD BOOK NUMBER | |
| International Standard Book Number | 0531100200 (lib. bdg.) |
| 040 ## - CATALOGING SOURCE | |
| Original cataloging agency | DLC |
| Transcribing agency | DLC |
| Modifying agency | DLC |
| 042 ## - AUTHENTICATION CODE | |
| Authentication code | lcac |
| 043 ## - GEOGRAPHIC AREA CODE | |
| Geographic area code | e-uk-en |
| 050 00 - LIBRARY OF CONGRESS CALL NUMBER | |
| Classification number | BP161.2 |
| Item number | .A266 1984 |
| 082 00 - DEWEY DECIMAL CLASSIFICATION NUMBER | |
| Classification number | 297 |
| Edition number | 19 |
| 300 ## - PHYSICAL DESCRIPTION | |
| Other physical details | col. ill. ; |
| Dimensions | 26 cm. |
| 100 1# - MAIN ENTRY--PERSONAL NAME | |
| Personal name | Aggarwal, Manju. |
| 9 (RLIN) | 34902 |
| 245 10 - TITLE STATEMENT | |
| Title | I am a Muslim : |
| Remainder of title | Manju Aggarwal meets Abu Bakar Nazir / |
| Statement of responsibility, etc | photography, Chris Fairclough ; religious consultant, Jamal M.A. Solaiman. |
| 260 ## - PUBLICATION, DISTRIBUTION, ETC. (IMPRINT) | |
| Place of publication, distribution, etc | London ; |
| -- | New York : |
| Name of publisher, distributor, etc | F. Watts, |
| Date of publication, distribution, etc | [c1985] |
| 300 ## - PHYSICAL DESCRIPTION | |
| Extent | 32 p. : |
| 440 #0 - SERIES STATEMENT/ADDED ENTRY--TITLE | |
| Title | My Belief |
| 9 (RLIN) | 34903 |
| 500 ## - GENERAL NOTE | |
| General note | Includes index. |
| 520 ## - SUMMARY, ETC. | |
| Summary, etc | Explores the religious beliefs and customs of a Muslim family living in England. |
| 650 #0 - SUBJECT ADDED ENTRY--TOPICAL TERM | |
| Topical term or geographic name as entry element | Islam |
| Form subdivision | Popular works |
| 9 (RLIN) | 34904 |
| 700 1# - ADDED ENTRY--PERSONAL NAME | |
| Personal name | Nazir, Abu Bakar, |
| Dates associated with a name | 1973- |
| 9 (RLIN) | 34905 |
| 700 1# - ADDED ENTRY--PERSONAL NAME | |
| Personal name | Fairclough, Chris, |
| Dates associated with a name | 1951- |
| Relator term | ill. |
| 9 (RLIN) | 34906 |
| 906 ## - LOCAL DATA ELEMENT F, LDF (RLIN) | |
| a | 7 |
| b | cbc |
| c | orignew |
| d | 3 |
| e | ocip |
| f | 19 |
| g | y-gencatlg |
| 942 ## - ADDED ENTRY ELEMENTS (KOHA) | |
| Source of classification or shelving scheme | Library of Congress Classification |
| Koha item type | Monograph ( Printed materials) |
| Withdrawn status | Lost status | Source of classification or shelving scheme | Damaged status | Not for loan | Home library | Current library | Date acquired | Total Checkouts | Full call number | Barcode | Date last seen | Date checked out | Price effective from | Koha item type |
|---|---|---|---|---|---|---|---|---|---|---|---|---|---|---|
| Library of Congress Classification | ARRUPE LIBRARY | ARRUPE LIBRARY | 21/08/2017 | 2 | BP161.2 .A266 1984 | 46500009873 | 11/10/2018 | 02/10/2018 | 21/08/2017 | Monograph ( Printed materials) |